[Event "EYCC Open-U16 2019"]
[Site "Bratislava"]
[Date "2019.08.07"]
[Round "6.27"]
[White "Bukatin, Arseny"]
[Black "Sjoberg, Isak"]
[Result "1-0"]
[WhiteElo "2016"]
[BlackElo "2182"]
[Annotator "NA"]
[PlyCount "91"]
[EventDate "2019.08.02"]
[EventType "swiss"]
[EventCountry "SVK"]
[SourceTitle "playchess.com"]
[Source "ChessBase"]
[SourceQuality "1"]
[TimeControl "40/5400+30:1800+30"]

1. e4 {[%emt 0:00:00]} c5 {[%emt 0:00:35]} 2. Nf3 {[%emt 0:00:00]} d6 {[%emt 0:00:34]} 3. d4 {[%emt 0:00:00]} cxd4 {[%emt 0:00:05]} 4. Nxd4 {[%emt 0:00:00]} Nf6 {[%emt 0:00:05]} 5. Nc3 {[%emt 0:00:00]} a6 {[%emt 0:00:04]} 6. Be2 {[%emt 0:00:02]} e6 {[%emt 0:03:09]} 7. Be3 {[%emt 0:01:57]} Be7 {[%emt 0:01:18]} 8. O-O {[%emt 0:01:06]} O-O {[%emt 0:00:07]} 9. f4 {[%emt 0:00:33]} Qc7 {[%emt 0:00:10]} 10. a4 {[%emt 0:00:17]} Nc6 {[%emt 0:01:31]} 11. Bf3 {[%emt 0:00:37]} Na5 {[%emt 0:06:04]} 12. Bf2 {[%emt 0:06:16]} Bd7 {[%emt 0:11:27]} 13. Qe1 {[%emt 0:01:54]} e5 {[%emt 0:06:35]} 14. Nf5 {[%emt 0:15:40]} Bxf5 {[%emt 0:01:01]} 15. exf5 {[%emt 0:00:04]} exf4 {[%emt 0:04:32]} 16. Qd2 {[%emt 0:04:54]} d5 17. Nxd5 {[%emt 0:11:31]} Nxd5 {[%emt 0:14:33]} 18. Qxd5 {[%emt 0:00:40]} Rad8 {[%emt 0:03:45]} 19. Qe4 {[%emt 0:00:48]} Bf6 {[%emt 0:08:02]} 20. Qb4 {[%emt 0:02:02]} Nc6 {[%emt 0:03:34]} 21. Bb6 {[%emt 0:07:46]} Qb8 {[%emt 0:10:52]} 22. Bxc6 {[%emt 0:05:23]} bxc6 {[%emt 0:00:05]} 23. c3 {[%emt 0:04:53]} Be7 {[%emt 0:05:19]} 24. Qa5 {[%emt 0:01:25]} Rd5 {[%emt 0:06:01]} 25. Qxa6 {[%emt 0:00:49]} Rxf5 {[%emt 0:00:21]} 26. Qa7 {[%emt 0:11:24]} Qd6 {[%emt 0:03:33]} 27. Qc7 {[%emt 0:05:12]} Qf6 {[%emt 0:04:14]} 28. Bd4 {[%emt 0:00:11]} Qh4 {[%emt 0:03:08]} 29. Qxc6 {[%emt 0:00:30]} Rh5 {[%emt 0:01:49]} 30. h3 {[%emt 0:00:31]} Rg5 {[%emt 0:00:21]} 31. Rf3 {[%emt 0:04:03]} Rg6 {[%emt 0:00:14]} 32. Qe4 {[%emt 0:01:34]} Qg5 {[%emt 0:00:25]} 33. Rxf4 {[%emt 0:01:06]} f5 {[%emt 0:00:32]} 34. Qd5+ {[%emt 0:00:52]} Kh8 {[%emt 0:00:01]} 35. Raf1 {[%emt 0:00:36]} h6 {[%emt 0:02:44]} 36. h4 {[%emt 0:02:45]} Qg3 {[%emt 0:00:03]} 37. Qf3 {[%emt 0:00:25]} Bxh4 {[%emt 0:00:37]} 38. Qxg3 {[%emt 0:00:15]} Bxg3 {[%emt 0:00:16]} 39. Rxf5 {[%emt 0:00:06]} Rxf5 {[%emt 0:00:33]} 40. Rxf5 {[%emt 0:00:00]} Re6 {[%emt 0:00:00]} 41. a5 {[%emt 0:00:45]} Re1+ {[%emt 0:00:53]} 42. Rf1 {[%emt 0:00:01]} Bh2+ {[%emt 0:00:07]} 43. Kxh2 {[%emt 0:01:50]} Rxf1 {[%emt 0:00:03]} 44. a6 {[%emt 0:00:05]} Ra1 {[%emt 0:03:07]} 45. a7 {[%emt 0:00:03]} Kh7 {[%emt 0:00:43]} 46. b4 {[%emt 0:00:12]} 1-0

[Event "EYCC Open-U16 2019"]
[Site "Bratislava"]
[Date "2019.08.07"]
[Round "6.28"]
[White "Gavrilin, Roman"]
[Black "Vitenberg, Noam Aviv"]
[Result "1-0"]
[WhiteElo "2131"]
[BlackElo "2300"]
[Annotator "NA"]
[PlyCount "111"]
[EventDate "2019.08.02"]
[EventType "swiss"]
[EventCountry "SVK"]
[SourceTitle "playchess.com"]
[Source "ChessBase"]
[SourceQuality "1"]
[TimeControl "40/5400+30:1800+30"]

1. e4 {[%emt 0:00:00]} c6 {[%emt 0:00:00]} 2. d4 {[%emt 0:00:00]} d5 {[%emt 0:00:00]} 3. Nc3 {[%emt 0:00:00]} dxe4 {[%emt 0:00:00]} 4. Nxe4 {[%emt 0:00:00]} Bf5 {[%emt 0:00:00]} 5. Ng3 {[%emt 0:00:06]} Bg6 {[%emt 0:00:00]} 6. h4 {[%emt 0:00:05]} h6 {[%emt 0:00:00]} 7. Nf3 {[%emt 0:00:05]} Nd7 {[%emt 0:00:10]} 8. h5 {[%emt 0:00:05]} Bh7 {[%emt 0:00:06]} 9. Bd3 {[%emt 0:00:03]} Bxd3 {[%emt 0:00:10]} 10. Qxd3 {[%emt 0:00:06]} e6 {[%emt 0:00:08]} 11. Bd2 {[%emt 0:00:05]} Ngf6 {[%emt 0:00:07]} 12. O-O-O {[%emt 0:00:05]} Be7 {[%emt 0:00:10]} 13. Ne4 {[%emt 0:00:06]} Nxe4 {[%emt 0:00:22]} 14. Qxe4 {[%emt 0:00:05]} Nf6 {[%emt 0:00:22]} 15. Qe2 {[%emt 0:00:05]} Qd5 {[%emt 0:00:58]} 16. c4 {[%emt 0:00:06]} Qe4 {[%emt 0:00:09]} 17. Qxe4 {[%emt 0:00:05]} Nxe4 {[%emt 0:00:05]} 18. Be3 {[%emt 0:00:03]} f5 {[%emt 0:08:13]} 19. Kc2 {[%emt 0:00:06]} Bf6 {[%emt 0:05:41]} 20. Nd2 {[%emt 0:22:18]} Nxd2 {[%emt 0:04:19]} 21. Rxd2 {[%emt 0:04:32]} Kf7 {[%emt 0:04:49]} 22. g3 {[%emt 0:05:49]} Rad8 {[%emt 0:17:36]} 23. Rhd1 {[%emt 0:09:57]} a6 {[%emt 0:07:20]} 24. b3 {[%emt 0:17:34]} Rd7 {[%emt 0:08:37]} 25. Rd3 {[%emt 0:18:10]} Rhd8 {[%emt 0:03:12]} 26. a4 {[%emt 0:08:50]} b5 {[%emt 0:07:06]} 27. axb5 {[%emt 0:10:42]} axb5 {[%emt 0:01:56]} 28. c5 {[%emt 0:00:39]} Ra8 {[%emt 0:04:26]} 29. Kc3 {[%emt 0:00:51]} Bd8 {[%emt 0:12:53]} 30. Bf4 {[%emt 0:01:19]} Ra2 {[%emt 0:01:26]} 31. Rf3 {[%emt 0:01:38]} Ba5+ {[%emt 0:03:07]} 32. Kd3 {[%emt 0:00:03]} Bb4 {[%emt 0:05:11]} 33. Bd6 {[%emt 0:00:12]} Rda7 {[%emt 0:01:36]} 34. g4 {[%emt 0:01:01]} R7a3 {[%emt 0:03:06]} 35. gxf5 {[%emt 0:00:06]} Rxb3+ {[%emt 0:00:55]} 36. Ke4 {[%emt 0:00:06]} Re2+ {[%emt 0:01:12]} 37. Kf4 {[%emt 0:00:12]} Rxf3+ {[%emt 0:02:20]} 38. Kxf3 {[%emt 0:00:05]} Ra2 {[%emt 0:00:33]} 39. Be5 {[%emt 0:02:14]} exf5 {[%emt 0:00:31]} 40. Rg1 {[%emt 0:00:00]} Ke6 {[%emt 0:00:00]} 41. Rg6+ {[%emt 0:00:25]} Kd5 {[%emt 0:07:49]} 42. Bxg7 {[%emt 0:01:10]} Be1 {[%emt 0:12:48]} 43. Rd6+ {[%emt 0:01:28]} Kc4 {[%emt 0:01:00]} 44. Rxc6 {[%emt 0:00:22]} Rxf2+ {[%emt 0:01:16]} 45. Ke3 {[%emt 0:00:06]} Rc2 {[%emt 0:00:44]} 46. Rb6 {[%emt 0:03:46]} Ba5 {[%emt 0:04:55]} 47. Rb7 {[%emt 0:00:55]} b4 {[%emt 0:02:50]} 48. c6 {[%emt 0:00:22]} b3 {[%emt 0:00:38]} 49. c7 {[%emt 0:06:47]} Bd2+ {[%emt 0:00:14]} 50. Kf3 {[%emt 0:00:30]} Kd5 {[%emt 0:00:25]} 51. Be5 {[%emt 0:01:04]} b2 {[%emt 0:01:13]} 52. Rxb2 {[%emt 0:00:35]} Rc3+ {[%emt 0:02:02]} 53. Ke2 {[%emt 0:00:35]} Be3 {[%emt 0:01:02]} 54. Rb3 {[%emt 0:01:45]} Rxb3 {[%emt 0:00:41]} 55. c8=Q {[%emt 0:00:08]} Ke4 {[%emt 0:00:07]} 56. Qc6# {[%emt 0:00:09]} 1-0

[Event "EYCC Open-U16 2019"]
[Site "Bratislava"]
[Date "2019.08.07"]
[Round "6.29"]
[White "Bacrot, Alexandre"]
[Black "Kasioumis, Vasilios"]
[Result "0-1"]
[WhiteElo "2265"]
[BlackElo "2015"]
[Annotator "NA"]
[PlyCount "110"]
[EventDate "2019.08.02"]
[EventType "swiss"]
[EventCountry "SVK"]
[SourceTitle "playchess.com"]
[Source "ChessBase"]
[SourceQuality "1"]
[TimeControl "40/5400+30:1800+30"]

1. e4 {[%emt 0:00:00]} c5 {[%emt 0:00:00]} 2. Nf3 {[%emt 0:00:00]} e6 {[%emt 0:00:00]} 3. d3 {[%emt 0:00:00]} Nc6 {[%emt 0:00:09]} 4. g3 {[%emt 0:00:02]} d5 {[%emt 0:00:20]} 5. Nbd2 {[%emt 0:00:05]} Nf6 {[%emt 0:00:14]} 6. Bg2 {[%emt 0:00:07]} Be7 {[%emt 0:00:24]} 7. O-O {[%emt 0:00:05]} b6 {[%emt 0:01:02]} 8. e5 {[%emt 0:01:22]} Nd7 {[%emt 0:00:09]} 9. Re1 {[%emt 0:00:05]} Bb7 {[%emt 0:00:16]} 10. c3 {[%emt 0:01:39]} Qc7 {[%emt 0:03:10]} 11. Qe2 {[%emt 0:00:05]} b5 {[%emt 0:12:02]} 12. Nf1 {[%emt 0:00:22]} a5 {[%emt 0:05:59]} 13. h4 {[%emt 0:00:28]} h6 {[%emt 0:00:15]} 14. Bf4 {[%emt 0:02:34]} a4 {[%emt 0:03:40]} 15. N1h2 {[%emt 0:00:35]} Qa5 {[%emt 0:05:37]} 16. Rac1 {[%emt 0:00:34]} c4 {[%emt 0:02:36]} 17. dxc4 {[%emt 0:06:34]} bxc4 {[%emt 0:00:08]} 18. a3 {[%emt 0:00:04]} Nc5 {[%emt 0:02:49]} 19. Red1 {[%emt 0:01:15]} Nd3 {[%emt 0:03:00]} 20. Rxd3 {[%emt 0:00:13]} cxd3 {[%emt 0:00:15]} 21. Qxd3 {[%emt 0:00:02]} Ba6 {[%emt 0:00:44]} 22. Qc2 {[%emt 0:00:43]} Rc8 {[%emt 0:04:40]} 23. h5 {[%emt 0:01:26]} Bc4 {[%emt 0:03:44]} 24. Nd2 {[%emt 0:01:27]} Qb5 {[%emt 0:02:27]} 25. Nxc4 {[%emt 0:02:33]} Qxc4 {[%emt 0:00:44]} 26. Qd2 {[%emt 0:17:20]} Na5 {[%emt 0:02:08]} 27. Bf1 {[%emt 0:02:13]} Qb3 {[%emt 0:00:49]} 28. Rc2 {[%emt 0:21:46]} Nc4 {[%emt 0:02:04]} 29. Qc1 {[%emt 0:01:19]} Rb8 {[%emt 0:02:45]} 30. Nf3 {[%emt 0:00:06]} Bc5 {[%emt 0:07:56]} 31. Nd2 {[%emt 0:05:57]} Nxd2 {[%emt 0:00:07]} 32. Rxd2 {[%emt 0:00:08]} Ke7 {[%emt 0:02:01]} 33. Qe1 {[%emt 0:01:06]} Rhd8 {[%emt 0:03:03]} 34. Be3 {[%emt 0:01:17]} Qb6 {[%emt 0:01:14]} 35. Bxc5+ {[%emt 0:00:26]} Qxc5 {[%emt 0:00:04]} 36. Qd1 {[%emt 0:00:10]} Qc6 {[%emt 0:03:41]} 37. Qf3 {[%emt 0:12:35]} Rb6 {[%emt 0:01:43]} 38. Qd3 {[%emt 0:04:36]} Qc7 {[%emt 0:03:07]} 39. Re2 {[%emt 0:01:25]} Qc4 {[%emt 0:06:16]} 40. Qe3 {[%emt 0:00:00]} Rdb8 {[%emt 0:00:00]} 41. Rd2 {[%emt 0:08:25]} Qc6 {[%emt 0:01:42]} 42. Qe2 {[%emt 0:04:22]} Kf8 {[%emt 0:01:39]} 43. Qd3 {[%emt 0:16:17]} Kg8 {[%emt 0:00:06]} 44. Qe2 {[%emt 0:01:57]} Qb7 {[%emt 0:00:11]} 45. Rd4 {[%emt 0:01:18]} Rxb2 {[%emt 0:00:58]} 46. Qe3 {[%emt 0:00:04]} Rb1 {[%emt 0:01:50]} 47. Kg2 {[%emt 0:00:39]} Ra1 {[%emt 0:02:06]} 48. Bd3 {[%emt 0:00:07]} Qb3 {[%emt 0:02:54]} 49. Qf3 {[%emt 0:06:43]} Qxa3 {[%emt 0:01:02]} 50. Bc2 {[%emt 0:01:36]} Qc1 {[%emt 0:01:20]} 51. Rd1 {[%emt 0:00:05]} Qxc2 {[%emt 0:00:49]} 52. Rxa1 {[%emt 0:00:01]} Rb1 {[%emt 0:01:20]} 53. Rxb1 {[%emt 0:00:59]} Qxb1 {[%emt 0:00:05]} 54. c4 {[%emt 0:00:04]} Qe4 {[%emt 0:00:05]} 55. c5 {[%emt 0:01:17]} Kf8 {[%emt 0:00:08]} 0-1

[Event "EYCC Open-U16 2019"]
[Site "Bratislava"]
[Date "2019.08.07"]
[Round "6.31"]
[White "Neiman, Maks"]
[Black "Carlsson, Ludvig"]
[Result "1/2-1/2"]
[WhiteElo "1971"]
[BlackElo "2218"]
[Annotator "NA"]
[PlyCount "30"]
[EventDate "2019.08.02"]
[EventType "swiss"]
[EventCountry "SVK"]
[SourceTitle "playchess.com"]
[Source "ChessBase"]
[SourceQuality "1"]
[TimeControl "40/5400+30:1800+30"]

1. d4 {[%emt 0:00:00]} g6 {[%emt 0:00:00]} 2. Nf3 {[%emt 0:00:40]} Bg7 {[%emt 0:00:00]} 3. Bf4 {[%emt 0:01:24]} d6 {[%emt 0:00:11]} 4. e3 {[%emt 0:00:48]} Nd7 {[%emt 0:00:12]} 5. h3 {[%emt 0:03:08]} e5 {[%emt 0:00:09]} 6. Bh2 {[%emt 0:00:50]} Nh6 {[%emt 0:00:11]} 7. Be2 {[%emt 0:03:50]} O-O {[%emt 0:01:17]} 8. O-O {[%emt 0:04:42]} Qe7 {[%emt 0:02:02]} 9. c4 {[%emt 0:05:20]} f5 {[%emt 0:02:56]} 10. Nc3 {[%emt 0:05:44]} Nf7 {[%emt 0:00:08]} 11. Qc2 {[%emt 0:04:01]} c6 {[%emt 0:02:37]} 12. b4 {[%emt 0:06:55]} Ng5 {[%emt 0:08:00]} 13. Rfd1 {[%emt 0:10:00]} Nxf3+ {[%emt 0:09:01]} 14. Bxf3 {[%emt 0:00:30]} g5 {[%emt 0:00:07]} 15. b5 {[%emt 0:09:55]} e4 {[%emt 0:04:21]} 1/2-1/2

[Event "EYCC Open-U16 2019"]
[Site "Bratislava"]
[Date "2019.08.07"]
[Round "6.32"]
[White "Fuglestein, Sander"]
[Black "Ivanovic, Marko"]
[Result "0-1"]
[WhiteElo "1997"]
[BlackElo "2267"]
[Annotator "NA"]
[PlyCount "82"]
[EventDate "2019.08.02"]
[EventType "swiss"]
[EventCountry "SVK"]
[SourceTitle "playchess.com"]
[Source "ChessBase"]
[SourceQuality "1"]
[TimeControl "40/5400+30:1800+30"]

1. d4 {[%emt 0:00:00]} Nf6 {[%emt 0:00:00]} 2. c4 {[%emt 0:00:00]} g6 {[%emt 0:00:00]} 3. Nf3 {[%emt 0:00:00]} Bg7 {[%emt 0:00:00]} 4. g3 {[%emt 0:00:01]} c5 {[%emt 0:03:24]} 5. Bg2 {[%emt 0:01:20]} d6 {[%emt 0:00:26]} 6. O-O {[%emt 0:02:22]} Nc6 {[%emt 0:01:14]} 7. d5 {[%emt 0:03:07]} Na5 {[%emt 0:01:57]} 8. Nfd2 {[%emt 0:02:31]} a6 {[%emt 0:00:19]} 9. Nc3 {[%emt 0:00:12]} O-O {[%emt 0:00:06]} 10. Qc2 {[%emt 0:00:42]} Bd7 {[%emt 0:00:21]} 11. b3 {[%emt 0:02:11]} b5 {[%emt 0:00:04]} 12. Bb2 {[%emt 0:01:06]} Rb8 {[%emt 0:00:07]} 13. Rab1 {[%emt 0:02:35]} Qc7 {[%emt 0:02:01]} 14. h3 {[%emt 0:07:36]} Rb6 {[%emt 0:18:43]} 15. e4 {[%emt 0:10:14]} Rfb8 {[%emt 0:08:15]} 16. Nd1 {[%emt 0:22:03]} bxc4 {[%emt 0:01:20]} 17. bxc4 {[%emt 0:00:52]} Qb7 {[%emt 0:03:29]} 18. Qc3 {[%emt 0:10:28]} Rb4 {[%emt 0:00:27]} 19. e5 {[%emt 0:03:19]} Ne8 {[%emt 0:03:23]} 20. f4 {[%emt 0:02:26]} Bf5 {[%emt 0:03:34]} 21. Rc1 {[%emt 0:04:12]} dxe5 {[%emt 0:20:35]} 22. Qa3 {[%emt 0:05:40]} Rxb2 {[%emt 0:08:55]} 23. Nxb2 {[%emt 0:01:51]} Qxb2 {[%emt 0:00:04]} 24. Qxa5 {[%emt 0:00:13]} exf4 {[%emt 0:00:04]} 25. Kh1 {[%emt 0:12:44]} fxg3 {[%emt 0:00:50]} 26. Nf3 {[%emt 0:01:14]} Nd6 {[%emt 0:11:25]} 27. Qxc5 {[%emt 0:03:22]} Bf6 {[%emt 0:02:58]} 28. Qe3 {[%emt 0:01:05]} Ne4 {[%emt 0:00:13]} 29. c5 {[%emt 0:00:25]} Qxa2 {[%emt 0:00:40]} 30. c6 {[%emt 0:00:37]} Rb2 {[%emt 0:00:24]} 31. Ne1 {[%emt 0:00:24]} Bg5 {[%emt 0:01:15]} 32. Qd4 {[%emt 0:00:35]} Nf2+ {[%emt 0:00:58]} 33. Kg1 {[%emt 0:00:31]} Bxc1 {[%emt 0:01:48]} 34. c7 {[%emt 0:00:04]} Nxh3+ {[%emt 0:02:59]} 35. Bxh3 {[%emt 0:00:54]} Bxh3 {[%emt 0:00:07]} 36. Qc5 {[%emt 0:00:18]} Rg2+ {[%emt 0:00:16]} 37. Kh1 {[%emt 0:00:05]} Rh2+ {[%emt 0:01:33]} 38. Kg1 {[%emt 0:00:00]} Qe2 {[%emt 0:00:26]} 39. c8=Q+ {[%emt 0:01:12]} Bxc8 {[%emt 0:00:05]} 40. Qxc8+ {[%emt 0:00:00]} Kg7 {[%emt 0:00:00]} 41. Qxc1 {[%emt 0:02:30]} Rh1+ {[%emt 0:00:10]} 0-1

[Event "EYCC Open-U16 2019"]
[Site "Bratislava"]
[Date "2019.08.07"]
[Round "6.33"]
[White "Bin-Suhayl, Ieysaa"]
[Black "Stremavicius, Pijus"]
[Result "1/2-1/2"]
[WhiteElo "2084"]
[BlackElo "2071"]
[Annotator "NA"]
[PlyCount "118"]
[EventDate "2019.08.02"]
[EventType "swiss"]
[EventCountry "SVK"]
[SourceTitle "playchess.com"]
[Source "ChessBase"]
[SourceQuality "1"]
[TimeControl "40/5400+30:1800+30"]

1. Nf3 {[%emt 0:00:00]} Nf6 {[%emt 0:00:32]} 2. c4 {[%emt 0:00:00]} e6 {[%emt 0:00:25]} 3. g3 {[%emt 0:00:00]} b6 {[%emt 0:00:50]} 4. Bg2 {[%emt 0:00:00]} Bb7 {[%emt 0:00:03]} 5. O-O {[%emt 0:00:00]} g6 {[%emt 0:00:21]} 6. d4 {[%emt 0:00:35]} Bg7 {[%emt 0:00:05]} 7. Nc3 {[%emt 0:00:28]} Ne4 {[%emt 0:00:06]} 8. Qd3 {[%emt 0:07:04]} Nxc3 {[%emt 0:01:17]} 9. bxc3 {[%emt 0:00:21]} O-O {[%emt 0:00:50]} 10. e4 {[%emt 0:02:28]} Nc6 {[%emt 0:00:33]} 11. e5 {[%emt 0:07:39]} d6 {[%emt 0:04:05]} 12. exd6 {[%emt 0:07:20]} cxd6 {[%emt 0:01:06]} 13. Rd1 {[%emt 0:08:13]} Na5 {[%emt 0:02:50]} 14. Nd2 {[%emt 0:13:44]} Bxg2 {[%emt 0:00:39]} 15. Kxg2 {[%emt 0:00:03]} Rc8 {[%emt 0:01:27]} 16. Ba3 {[%emt 0:00:12]} Qc7 {[%emt 0:00:55]} 17. c5 {[%emt 0:12:28]} dxc5 {[%emt 0:02:30]} 18. dxc5 {[%emt 0:00:04]} Rfd8 {[%emt 0:11:02]} 19. Qf3 {[%emt 0:03:17]} bxc5 {[%emt 0:04:41]} 20. Ne4 {[%emt 0:00:07]} Nb7 {[%emt 0:05:31]} 21. Rxd8+ {[%emt 0:14:01]} Qxd8 {[%emt 0:04:20]} 22. Rb1 {[%emt 0:07:02]} Na5 {[%emt 0:01:58]} 23. Nxc5 {[%emt 0:04:30]} Nc4 {[%emt 0:01:14]} 24. Rb7 {[%emt 0:01:52]} Qd5 {[%emt 0:04:08]} 25. Qxd5 {[%emt 0:01:17]} exd5 {[%emt 0:00:52]} 26. Bc1 {[%emt 0:00:06]} Bxc3 {[%emt 0:02:39]} 27. Na4 {[%emt 0:03:15]} Bg7 {[%emt 0:13:50]} 28. Rxa7 {[%emt 0:00:41]} h6 {[%emt 0:00:08]} 29. h4 {[%emt 0:02:15]} d4 {[%emt 0:00:20]} 30. Bf4 {[%emt 0:00:40]} d3 {[%emt 0:05:12]} 31. Rd7 {[%emt 0:01:14]} Ra8 {[%emt 0:01:22]} 32. Nc5 {[%emt 0:00:04]} Rxa2 {[%emt 0:01:19]} 33. Nxd3 {[%emt 0:00:04]} Ra8 {[%emt 0:01:40]} 34. Nc5 {[%emt 0:00:18]} Rc8 {[%emt 0:00:30]} 35. Nb7 {[%emt 0:01:50]} Nb6 {[%emt 0:01:37]} 36. Rd6 {[%emt 0:00:18]} Nc4 {[%emt 0:00:17]} 37. Rd1 {[%emt 0:00:33]} h5 {[%emt 0:01:45]} 38. Rd5 {[%emt 0:02:22]} Bf8 {[%emt 0:00:56]} 39. Rd8 {[%emt 0:01:33]} Rxd8 {[%emt 0:00:06]} 40. Nxd8 {[%emt 0:00:00]} Nb6 {[%emt 0:00:00]} 41. Nc6 {[%emt 0:00:23]} Nd5 {[%emt 0:00:29]} 42. Bg5 {[%emt 0:00:10]} f6 {[%emt 0:00:13]} 43. Bd2 {[%emt 0:00:07]} Kf7 {[%emt 0:00:48]} 44. Nd4 {[%emt 0:00:41]} Bc5 {[%emt 0:00:31]} 45. Ne2 {[%emt 0:00:25]} Ke6 {[%emt 0:00:08]} 46. f3 {[%emt 0:00:06]} Kf5 {[%emt 0:01:02]} 47. Kh3 {[%emt 0:00:18]} g5 {[%emt 0:00:50]} 48. g4+ {[%emt 0:00:29]} Kg6 {[%emt 0:00:09]} 49. gxh5+ {[%emt 0:00:27]} Kxh5 {[%emt 0:00:41]} 50. Ng3+ {[%emt 0:00:03]} Kg6 {[%emt 0:01:32]} 51. h5+ {[%emt 0:00:34]} Kh6 {[%emt 0:00:12]} 52. Kg4 {[%emt 0:00:11]} Ne7 {[%emt 0:00:38]} 53. Bc1 {[%emt 0:00:10]} Bd6 {[%emt 0:00:31]} 54. Nf5+ {[%emt 0:00:33]} Nxf5 {[%emt 0:00:01]} 55. Kxf5 {[%emt 0:00:07]} Kxh5 {[%emt 0:00:27]} 56. Bb2 {[%emt 0:00:14]} Be5 {[%emt 0:00:29]} 57. Bxe5 {[%emt 0:00:08]} fxe5 {[%emt 0:00:01]} 58. Kxe5 {[%emt 0:00:08]} g4 {[%emt 0:00:07]} 59. fxg4+ {[%emt 0:00:08]} Kxg4 {[%emt 0:00:01]} 1/2-1/2

[Event "EYCC Open-U16 2019"]
[Site "Bratislava"]
[Date "2019.08.07"]
[Round "6.34"]
[White "Koziorowicz, Michal"]
[Black "Fernandez Garcia, Gumersindo"]
[Result "0-1"]
[WhiteElo "1985"]
[BlackElo "2011"]
[Annotator "NA"]
[PlyCount "82"]
[EventDate "2019.08.02"]
[EventType "swiss"]
[EventCountry "SVK"]
[SourceTitle "playchess.com"]
[Source "ChessBase"]
[SourceQuality "1"]
[TimeControl "40/5400+30:1800+30"]

1. e4 {[%emt 0:00:00]} c5 {[%emt 0:00:00]} 2. Nf3 {[%emt 0:00:00]} g6 {[%emt 0:00:00]} 3. d4 {[%emt 0:00:00]} cxd4 {[%emt 0:00:00]} 4. Nxd4 {[%emt 0:00:00]} Bg7 {[%emt 0:00:00]} 5. c4 {[%emt 0:00:10]} Nc6 {[%emt 0:00:07]} 6. Be3 {[%emt 0:00:19]} Nf6 {[%emt 0:01:16]} 7. Nc3 {[%emt 0:00:12]} Ng4 {[%emt 0:01:23]} 8. Qxg4 {[%emt 0:00:10]} Nxd4 {[%emt 0:00:04]} 9. Qd1 {[%emt 0:00:30]} Ne6 {[%emt 0:00:31]} 10. Be2 {[%emt 0:00:44]} Bxc3+ {[%emt 0:02:34]} 11. bxc3 {[%emt 0:00:09]} Qa5 {[%emt 0:00:12]} 12. Qd2 {[%emt 0:07:14]} b6 {[%emt 0:04:47]} 13. O-O {[%emt 0:15:38]} Bb7 {[%emt 0:02:53]} 14. f3 {[%emt 0:06:21]} d6 {[%emt 0:06:09]} 15. Rab1 {[%emt 0:01:33]} O-O {[%emt 0:12:24]} 16. Rb4 {[%emt 0:32:15]} Bc6 {[%emt 0:07:36]} 17. Bd3 {[%emt 0:01:18]} Nc5 {[%emt 0:03:20]} 18. Bb1 {[%emt 0:00:29]} Qa6 {[%emt 0:02:50]} 19. Bh6 {[%emt 0:02:04]} Rfe8 {[%emt 0:02:05]} 20. Qd4 {[%emt 0:02:24]} Ne6 {[%emt 0:02:39]} 21. Qe3 {[%emt 0:00:13]} Qa5 {[%emt 0:02:27]} 22. Kh1 {[%emt 0:02:14]} Qh5 {[%emt 0:04:11]} 23. g4 {[%emt 0:02:19]} Qh4 {[%emt 0:01:19]} 24. g5 {[%emt 0:02:48]} Qf4 {[%emt 0:02:19]} 25. Qf2 {[%emt 0:00:45]} Nc5 {[%emt 0:04:12]} 26. Rb2 {[%emt 0:01:41]} Rac8 {[%emt 0:08:05]} 27. Qe1 {[%emt 0:05:52]} Bd7 {[%emt 0:02:09]} 28. Re2 {[%emt 0:01:51]} Be6 {[%emt 0:01:30]} 29. Rff2 {[%emt 0:04:00]} Bxc4 {[%emt 0:01:56]} 30. Re3 {[%emt 0:00:59]} Rcd8 {[%emt 0:06:06]} 31. Rd2 {[%emt 0:01:12]} Ne6 {[%emt 0:04:08]} 32. Rg2 {[%emt 0:01:50]} Qe5 {[%emt 0:01:07]} 33. Rg4 {[%emt 0:00:19]} b5 {[%emt 0:01:59]} 34. Qf2 {[%emt 0:01:30]} Nf4 {[%emt 0:03:26]} 35. Qh4 {[%emt 0:01:17]} Qc5 {[%emt 0:01:58]} 36. Qe1 {[%emt 0:00:40]} e5 {[%emt 0:00:56]} 37. h4 {[%emt 0:02:15]} Rb8 {[%emt 0:01:07]} 38. Qc1 {[%emt 0:02:16]} b4 {[%emt 0:01:21]} 39. h5 {[%emt 0:00:47]} Ne2 {[%emt 0:00:43]} 40. Rxe2 {[%emt 0:00:00]} Bxe2 {[%emt 0:00:00]} 41. Rg3 {[%emt 0:01:13]} Qf2 {[%emt 0:01:08]} 0-1

[Event "EYCC Open-U16 2019"]
[Site "Bratislava"]
[Date "2019.08.07"]
[Round "6.35"]
[White "Ghachava, Akaki"]
[Black "Marn, Jan"]
[Result "0-1"]
[WhiteElo "1777"]
[BlackElo "2215"]
[Annotator "NA"]
[PlyCount "96"]
[EventDate "2019.08.02"]
[EventType "swiss"]
[EventCountry "SVK"]
[SourceTitle "playchess.com"]
[Source "ChessBase"]
[SourceQuality "1"]
[TimeControl "40/5400+30:1800+30"]

1. e4 {[%emt 0:00:00]} e5 {[%emt 0:00:00]} 2. Nf3 {[%emt 0:00:00]} Nc6 {[%emt 0:00:00]} 3. Bb5 {[%emt 0:00:06]} a6 {[%emt 0:00:00]} 4. Ba4 {[%emt 0:00:03]} Nf6 {[%emt 0:00:00]} 5. O-O {[%emt 0:00:13]} Be7 {[%emt 0:00:00]} 6. Bxc6 {[%emt 0:00:07]} dxc6 {[%emt 0:00:11]} 7. d3 {[%emt 0:00:02]} Nd7 {[%emt 0:02:31]} 8. Nbd2 {[%emt 0:04:49]} O-O {[%emt 0:02:40]} 9. Nc4 {[%emt 0:00:43]} f6 {[%emt 0:00:07]} 10. Nh4 {[%emt 0:03:39]} Nc5 {[%emt 0:10:21]} 11. Ne3 {[%emt 0:04:30]} g6 {[%emt 0:03:56]} 12. Nf3 {[%emt 0:29:46]} Ne6 {[%emt 0:07:12]} 13. c3 {[%emt 0:09:32]} c5 {[%emt 0:26:04]} 14. Nc2 {[%emt 0:04:40]} b5 {[%emt 0:03:23]} 15. d4 {[%emt 0:06:04]} cxd4 {[%emt 0:00:17]} 16. cxd4 {[%emt 0:00:06]} exd4 {[%emt 0:19:59]} 17. Ncxd4 {[%emt 0:00:46]} c5 {[%emt 0:01:27]} 18. Nc6 {[%emt 0:02:01]} Qd6 {[%emt 0:07:13]} 19. Qxd6 {[%emt 0:08:25]} Bxd6 {[%emt 0:00:07]} 20. Rd1 {[%emt 0:00:05]} Bc7 {[%emt 0:01:02]} 21. Ne7+ {[%emt 0:01:41]} Kf7 {[%emt 0:00:34]} 22. Nxc8 {[%emt 0:00:25]} Raxc8 {[%emt 0:00:07]} 23. Rd7+ {[%emt 0:02:23]} Kg8 {[%emt 0:00:13]} 24. Be3 {[%emt 0:00:36]} Rcd8 {[%emt 0:02:57]} 25. Rad1 {[%emt 0:00:45]} Rxd7 {[%emt 0:00:38]} 26. Rxd7 {[%emt 0:00:04]} Rd8 {[%emt 0:00:05]} 27. Rd5 {[%emt 0:00:43]} f5 {[%emt 0:02:03]} 28. Rxd8+ {[%emt 0:05:59]} Bxd8 {[%emt 0:00:04]} 29. exf5 {[%emt 0:00:04]} gxf5 {[%emt 0:00:05]} 30. Kf1 {[%emt 0:04:22]} Bf6 {[%emt 0:00:05]} 31. b3 {[%emt 0:03:15]} Kf7 {[%emt 0:00:05]} 32. Ke2 {[%emt 0:02:35]} Ke7 {[%emt 0:00:12]} 33. Kd3 {[%emt 0:02:15]} Kd6 {[%emt 0:00:10]} 34. Nd2 {[%emt 0:01:13]} Kd5 {[%emt 0:00:05]} 35. f3 {[%emt 0:01:05]} h5 {[%emt 0:01:50]} 36. g3 {[%emt 0:01:49]} Nd8 {[%emt 0:00:29]} 37. a4 {[%emt 0:00:57]} Nc6 {[%emt 0:00:13]} 38. axb5 {[%emt 0:00:05]} axb5 {[%emt 0:01:25]} 39. h3 {[%emt 0:00:24]} c4+ {[%emt 0:00:50]} 40. bxc4+ {[%emt 0:00:00]} bxc4+ {[%emt 0:00:00]} 41. Ke2 {[%emt 0:05:02]} c3 {[%emt 0:02:13]} 42. Nb3 {[%emt 0:00:32]} Kc4 {[%emt 0:06:11]} 43. Nc1 {[%emt 0:00:04]} Be5 {[%emt 0:07:55]} 44. g4 {[%emt 0:01:45]} f4 {[%emt 0:00:03]} 45. Bf2 {[%emt 0:00:05]} hxg4 {[%emt 0:07:15]} 46. fxg4 {[%emt 0:03:12]} c2 {[%emt 0:03:59]} 47. Nd3 {[%emt 0:11:05]} Bc3 {[%emt 0:04:11]} 48. Be3 {[%emt 0:03:10]} f3+ {[%emt 0:00:45]} 0-1